000
00320nam a2200133Ia 4500
005
20251222141759.0
008
251222s9999||||xx |||||||||||||| ||spa||
020
_a
84-9754-063-8
082
_a
371.337/K91
100
_a
Kuffner,Trish
245
0
_a
365 Juegos para Entretener a tu Hijo:
264
_b
Oniro
942
_c
LIB
999
_c
6104
_d
6104